Об электрохимическом растворении сульфидных руд в Колывань-Томской складчатой зоне; Труды межвузовской конференции по гидрогеохимическим и палеогидрогеологическим методам исследований в целях поисков месторождений полезных ископаемых, февраль 1965 г. г. Томск

Dettagli Bibliografici
Parent link:Труды межвузовской конференции по гидрогеохимическим и палеогидрогеологическим методам исследований в целях поисков месторождений полезных ископаемых, февраль 1965 г. г. Томск.— 1969.— С. 76-78
Autore principale: Удодов П. А. Павел Афанасьевич
Altri autori: Левашов П. А., Шестаков Б. И.
Lingua:russo
Pubblicazione: 1969
Soggetti:
Natura: MixedMaterials Capitolo di libro
KOHA link:https://koha.lib.tpu.ru/cgi-bin/koha/opac-detail.pl?biblionumber=152101

MARC

LEADER 00000naa2a2200000 4500
001 152101
005 20231031150919.0
035 |a (RuTPU)RU\TPU\book\164926 
035 |a RU\TPU\tpu\14125 
090 |a 152101 
100 |a 20090129d1969 k y0rusy50 ca 
101 0 |a rus 
102 |a RU 
200 1 |a Об электрохимическом растворении сульфидных руд в Колывань-Томской складчатой зоне  |f П. А. Удодов, П. А. Левашов, Б. И. Шестаков 
463 0 |0 (RuTPU)RU\TPU\book\139057  |t Труды межвузовской конференции по гидрогеохимическим и палеогидрогеологическим методам исследований в целях поисков месторождений полезных ископаемых, февраль 1965 г. г. Томск  |f Томский политехнический институт ; Московский геологический институт ; под ред. П. А. Удодова  |v С. 76-78  |d 1969  |p 296 с. 
610 1 |a труды учёных ТПУ 
700 1 |a Удодов  |b П. А.  |c российский ученый  |c геохимик  |c профессор Томского политехнического института  |f 1903-1981  |g Павел Афанасьевич  |2 stltpush  |3 (RuTPU)RU\TPU\pers\9241 
701 1 |a Левашов  |b П. А. 
701 1 |a Шестаков  |b Б. И. 
801 1 |a RU  |b 63413507  |c 20080409  |g PSBO 
801 2 |a RU  |b 63413507  |c 20090129  |g PSBO 
942 |c BK